Duo (homme et femme) vainqueur de minimum 2 tournois du GC de tennis - Statistiques

Statistiques générales
  • Ce quiz a été pris 21 fois
    18 depuis la dernière actualisation
  • Le résultat moyen est 56 sur 92
Statistiques - réponses
Nb titres en commun Joueuse ou joueur Nb titres en commun
Open d'Australie
Nb titres en commun
Roland Garros
Nb titres en commun
Wimbledon
Nb titres en commun
US Open
% Correct
3 Djokovic 2 0 0 1
100%
2 Djokovic 2 0 0 0
100%
2 Djokovic 1 0 1 0
100%
2 Djokovic 0 0 2 0
100%
2 Djokovic 1 0 1 0
100%
7 Federer 3 0 3 1
100%
2 Federer 1 0 0 1
100%
2 Federer 0 1 0 1
100%
2 Federer 1 0 1 0
100%
2 Federer 0 0 1 1
100%
2 Federer 0 0 2 0
100%
4 Nadal 1 1 1 1
100%
3 Nadal 0 3 0 0
100%
2 Nadal 1 1 0 0
100%
2 Nadal 0 2 0 0
100%
2 Nadal 0 2 0 0
100%
2 Agassi 0 1 1 0
87%
2 Agassi 1 0 0 1
87%
Graf
87%
Graf
87%
Graf
87%
Graf
87%
Graf
87%
6 Sampras 1 0 2 3
87%
2 Sampras 1 0 1 0
87%
5 Borg 0 4 1 0
73%
2 Borg 0 0 2 0
73%
Henin
73%
Henin
73%
2 Murray 0 0 1 1
73%
Sabalenka
73%
Swiatek
73%
Swiatek
73%
3 Mcenroe 0 0 2 1
67%
2 Mcenroe 0 0 0 2
67%
2 Mcenroe 0 0 1 1
67%
Navratilova
67%
Navratilova
67%
Navratilova
67%
Navratilova
67%
Navratilova
67%
Navratilova
67%
Navratilova
67%
Seles
67%
Seles
67%
Seles
67%
2 Alcaraz 0 1 0 1
60%
3 Lendl 2 1 0 0
60%
3 Lendl 0 1 0 2
60%
2 Sinner 1 0 0 1
60%
Barty
53%
2 Becker 0 0 1 1
53%
2 Becker 0 0 2 0
53%
2 Becker 2 0 0 0
53%
4 Connors 0 0 1 3
53%
2 Connors 0 0 1 1
53%
Hingis
53%
Sharapova
53%
Sharapova
53%
3 Wilander 1 1 0 1
53%
2 Wilander 1 1 0 0
53%
2 Wilander 1 1 0 0
53%
4 Courier 2 2 0 0
47%
2 Edberg 1 0 1 0
47%
2 Edberg 0 0 0 2
47%
Evert
47%
Evert
47%
Evert
47%
Evert
47%
Mauresmo
47%
3 Laver 1 1 0 1
40%
Osaka
40%
Kvitova
33%
Azarenka
27%
Court
27%
Court
27%
Court
27%
Goolagong
27%
Kerber
27%
King
27%
3 Newcombe 1 0 1 1
27%
2 Newcombe 1 0 1 0
27%
2 Rosewall 1 0 0 1
27%
2 Smith 0 0 1 1
27%
Kuznetsova
20%
Williams S.
20%
Williams S.
20%
Williams S.
20%
Williams S.
20%
Williams S.
20%
Williams V.
20%
Austin
13%
Aucun quiz correspondant
Distribution des résultats
% des personnes avec chaque résultat
Percentile par nombre de réponses
Votre historique - résultats
Vous n’avez pas pris ce quiz depuis la dernière actualisation